| 000 | 00429nam a2200145 a 4500 | ||
|---|---|---|---|
| 001 | 000047712 | ||
| 005 | 20240228103022.0 | ||
| 008 | 180723s1983 dr 000 0 spa d | ||
| 040 |
_aDO-SdBNP _bspa _cBNPHU |
||
| 082 |
_axxxx _bxxx |
||
| 100 | 1 |
_aGarcía Guerra, Iván, _d1938- _9144 |
|
| 245 | 1 | 0 |
_aAndromaca / _cIvan García. |
| 260 |
_aSanto Domingo, : _bDistribuidora universar, _c1983. _fRuben Lorenzo |
||
| 300 |
_a34 p. ; _c22 cm. |
||
| 999 |
_c47200 _d47200 |
||